000
00282nam a2200109Ia 4500
999
_c
9351
_d
9351
020
_a
978-0155015005
100
_a
Genest,Marc A.
245
0
_a
Conflict and Cooperation Evolving Theories of International Relations
260
_a
New Delhi
_b
Addison
_c
2002
300
_a
534
942
_c
BK